00757nam a2200229Ia 4500003000400000005001700004008004100021020001500062040001800077041000800095082002100103100002500124245004100149250001200190260004600202300002400248650003100272650002700303942003400330999001900364952014400383OSt20250107152227.0210716s2001 xx 000 0 und d a0312977158 cAIMIT LIBRARY aeng a808.83 21bJONJ aJones, Jill.9192508 aRemember your lies /cBy Jill Jones. a1st ed. aNew York :bSt Martins Press Inc ;c2001. a306p. ;bPBc17 cm. aCircle of the lily9192509 aEmily's secret9192510 2ddccBKe1st ed.k808.83 JONJ c200268d200268 00102ddc40708MBAaAIMITbAIMITd2021-07-16iBill no:; Bill dt:1900-01-00l0o808.83 JONJpMBA02833r2026-05-23 00:00:00w2021-07-16yBK